Las aventuras de Telémaco / (Record no. 137747)

MARC details
000 -LEADER
campo de control de longitud fija 00832nam a2200229 4500
001 - NÚMERO DE CONTROL
campo de control 137747
003 - IDENTIFICADOR DE NÚMERO DE CONTROL
campo de control ES-MaACL
005 - FECHA Y HORA DE LA ÚLTIMA TRANSACCIÓN
campo de control 20250716063305.0
007 - CAMPO FIJO DE DESCRIPCIÓN FÍSICA--INFORMACIÓN GENERAL
campo de control de longitud fija t|
008 - DATOS DE LONGITUD FIJA--INFORMACIÓN GENERAL
campo de control de longitud fija 070214s1956 sp r ||||1| spa d
100 1# - ENTRADA PRINCIPAL--NOMBRE DE PERSONA
Nombre de persona Fénelon, François de Salignac de La Mothe,
Fechas asociadas al nombre 1651-1715
9 (RLIN) 49246
245 14 - MENCIÓN DEL TÍTULO
Título Las aventuras de Telémaco /
Mención de responsabilidad, etc. François de Salignac de la Mothe-Fénelon ; traducción y notas de José López y López ; nota preliminar de F. S. R.
250 ## - MENCION DE EDICION
Mención de edición 2ª ed.
260 ## - PUBLICACIÓN, DISTRIBUCIÓN, ETC.
Lugar de publicación, distribución, etc. Madrid :
Nombre del editor, distribuidor, etc. Aguilar,
Fecha de publicación, distribución, etc. 1956.
300 ## - DESCRIPCIÓN FÍSICA
Extensión 615 p., 1 lám. = retr. aut. ;
Dimensiones 12 cm.
490 1# - MENCIÓN DE SERIE
Mención de serie Crisol ;
Designación de volumen o secuencia 88
700 1# - ENTRADA AGREGADA--NOMBRE PERSONAL
Nombre de persona López y López, José.
9 (RLIN) 74035
700 1# - ENTRADA AGREGADA--NOMBRE PERSONAL
Nombre de persona Sainz de Robles, Federico Carlos,
Fechas asociadas al nombre 1898-1982
9 (RLIN) 101593
830 0# - PUNTO DE ACCESO ADICIONAL DE SERIE-TÍTULO UNIFORME
Título uniforme Crisol ;
Designación de volumen o secuencia 88
9 (RLIN) 180848
852 ## - LOCALIZACIÓN
Ubicación ES-MaACL
Número de control de estantería D-8529
Sublocalización o colección R.39796
Holdings
Estatus retirado Estado de pérdida Estado de daño No para préstamo Biblioteca de origen Biblioteca actual Ubicación en estantería Fecha de adquisición Fuente de adquisición Total de préstamos Signatura topográfica completa Código de barras Visto por última vez Precio de reemplazo Tipo de ítem Koha
        Biblioteca del Ateneo de Madrid Biblioteca del Ateneo de Madrid Sala Valle Inclán 17/01/2008     D-8529 901143344 23/02/2023 23/02/2023 Libro impreso